000 00595nam a2200241 a 4500
001 nice12345678
003 IN_TiNIC
005 20260116011633.0
008 050524s1959 lona grp 000 0 eng
020 _a
_c0
082 0 0 _a269.2
_bROB1
100 _aRobertson, E H
245 _aTomorrow Is a Holiday
_b Record of a South American Journey
260 _aLondon
_bScm Press
_c1959
300 _a128p
500 _aincludes index and biblioraphy
505 2 _aIndex
650 _aEvangelistic Work
700 1 _aRobertson, E H
902 _bSRS
942 _cBK
999 _c3030
_d3030